LEADER 02690nam 2200529Ia 450 001 9910454269603321 005 20200520144314.0 010 $a0-470-74102-3 035 $a(CKB)1000000000715934 035 $a(EBL)416380 035 $a(OCoLC)437096827 035 $a(MiAaPQ)EBC3056948 035 $a(MiAaPQ)EBC416380 035 $a(Au-PeEL)EBL3056948 035 $a(CaPaEBR)ebr10278730 035 $a(OCoLC)922973556 035 $a(EXLCZ)991000000000715934 100 $a20081021d2009 uy 0 101 0 $aeng 135 $aur|n|---||||| 200 10$aCatalysis in asymmetric synthesis$b[electronic resource] /$fVittorio Caprio and Jonathan M.J. Williams 205 $a2nd ed. 210 $aChichester, U.K. ;$aAmes, Iowa $cWiley$d2009 215 $a1 online resource (411 p.) 225 1 $aPostgraduate chemistry series 300 $aDescription based upon print version of record. 311 $a1-4051-7519-2 311 $a1-4051-9091-4 320 $aIncludes bibliographical references and index. 327 $aCatalysis in Asymmetric Synthesis Second Edition; Contents; Preface to the Second Edition; Preface to the First Edition; 1 Introduction; 2 Reduction of Alkenes; 3 Reduction of Ketones and Imines; 4 Epoxidation; 5 Further Oxidation Reactions; 6 Nucleophilic Addition to Carbonyl Compounds; 7 The Aldol and Related Reactions; 8 Cycloadditions; 9 Catalytic Reactions Involving Carbenes and Ylides; 10 Catalytic Carbon-Carbon Bond-Forming Reactions; 11 Conjugate Addition Reactions; 12 Further Catalytic Reactions; Index 330 $aAsymmetric synthesis has become a major aspect of modern organic chemistry. The stereochemical properties of an organic compound are often essential to its bioactivity, and the need for stereochemically pure pharmaceutical products is a key example of the importance of stereochemical control in organic synthesis. However, achieving high levels of stereoselectivity in the synthesis of complex natural products represents a considerable intellectual and practical challenge for chemists. Written from a synthetic organic chemistry perspective, this text provides a practical overview of the field, 410 0$aPostgraduate chemistry series. 606 $aAsymmetric synthesis 606 $aCatalysis 608 $aElectronic books. 615 0$aAsymmetric synthesis. 615 0$aCatalysis. 676 $a541/.39 700 $aCaprio$b Vittorio$0984339 701 $aWilliams$b Jonathan M. J$0984340 801 0$bMiAaPQ 801 1$bMiAaPQ 801 2$bMiAaPQ 906 $aBOOK 912 $a9910454269603321 996 $aCatalysis in asymmetric synthesis$92248302 997 $aUNINA LEADER 01718nam 2200589 450 001 9910460483503321 005 20200520144314.0 010 $a1-78371-157-4 010 $a1-78371-156-6 035 $a(CKB)3710000000354727 035 $a(EBL)3386794 035 $a(SSID)ssj0001550514 035 $a(PQKBManifestationID)16166076 035 $a(PQKBTitleCode)TC0001550514 035 $a(PQKBWorkID)14811042 035 $a(PQKB)11368948 035 $a(MiAaPQ)EBC3386794 035 $a(Au-PeEL)EBL3386794 035 $a(CaPaEBR)ebr11018352 035 $a(CaONFJC)MIL987453 035 $a(OCoLC)904547986 035 $a(EXLCZ)993710000000354727 100 $a20150216h20152015 uy 0 101 0 $aeng 135 $aur|n|---||||| 181 $ctxt 182 $cc 183 $acr 200 10$aBecoming Arab in London $eperformativity and the undoing of identity /$fRamy M.K. Aly 210 1$aLondon, England :$cPluto Press,$d2015. 210 4$dİ2015 215 $a1 online resource (272 p.) 225 1 $aAnthropology, Culture and Society 300 $aDescription based upon print version of record. 311 $a0-7453-3358-3 311 $a0-7453-3359-1 320 $aIncludes bibliographical references and index. 410 0$aAnthropology, culture, and society. 606 $aCulture diffusion 606 $aArabs$zEngland$zLondon 608 $aElectronic books. 615 0$aCulture diffusion. 615 0$aArabs 676 $a301.21 700 $aAly$b Ramy M. K.$0901345 801 0$bMiAaPQ 801 1$bMiAaPQ 801 2$bMiAaPQ 906 $aBOOK 912 $a9910460483503321 996 $aBecoming Arab in London$92014712 997 $aUNINA LEADER 03047nam 2200745 a 450 001 9910829146903321 005 20240516134134.0 010 $a9786613616326 010 $a9781444354409 010 $a144435440X 010 $a9781444354362 010 $a1444354361 010 $a9781280586491 010 $a1280586494 010 $a9781118379936 010 $a1118379934 010 $a9781782684633 010 $a1782684638 010 $a9781444354386 010 $a1444354388 035 $a(CKB)3710000000503648 035 $a(EBL)4041795 035 $a(MiAaPQ)EBC875780 035 $a(Au-PeEL)EBL875780 035 $a(CaPaEBR)ebr10542509 035 $a(CaONFJC)MIL361632 035 $a(OCoLC)784124235 035 $a(PPN)19105285X 035 $a(Perlego)999861 035 $a(EXLCZ)993710000000503648 100 $a20110902d2012 uy 0 101 0 $aeng 135 $aur|n|---||||| 181 $2rdacontent 182 $2rdamedia 183 $2rdacarrier 200 02$aA companion to folklore /$fedited by Regina F. Bendix and Galit Hasan-Rokem 205 $a1st ed. 210 $aMalden, Mass. $cWiley-Blackwell$d2012 215 $a1 online resource (791 p.) 225 1 $aBlackwell companions to anthropology ;$v15 300 $aDescription based upon print version of record. 311 08$a9781405194990 311 08$a1405194995 311 08$a9781118863145 311 08$a1118863143 320 $aIncludes bibliographical references and index. 327 $aMachine generated contents note: Notes on Contributors Introduction (Regina F. Bendix and Galit Hasan-Rokem) Part I: Concepts and Phenomena Part II: Location Part III: Reflection Part IV: Practice Index. 330 $a"A Companion to Folklore presents an original and comprehensive collection of essays from international experts in the field of folklore studies. Unprecedented in depth and scope, this state-of-the-art collection uniquely displays the vitality of folklore research across the globe. An unprecedented collection of original, state of the art essays on folklore authored by international experts Examines the practices and theoretical approaches developed to understand the phenomena of folklore Considers folklore in the context of multi-disciplinary topics that include poetics, performance, religious practice, myth, ritual and symbol, oral textuality, history, law, politics and power as well as the social base of folklore "--$cProvided by publisher. 410 0$aBlackwell companions to anthropology ;$v15. 606 $aFolklore$xStudy and teaching 606 $aFolklore$vCross-cultural studies 615 0$aFolklore$xStudy and teaching. 615 0$aFolklore 676 $a398.2 686 $aSOC002010$2bisacsh 701 $aBendix$b Regina$0860740 701 $aHasan-Rokem$b Galit$01645063 801 0$bMiAaPQ 801 1$bMiAaPQ 801 2$bMiAaPQ 906 $aBOOK 912 $a9910829146903321 996 $aA companion to folklore$94041369 997 $aUNINA